| 000 | 00512nam a2200181 a 4500 | ||
|---|---|---|---|
| 001 | 2953 | ||
| 003 | CDMR | ||
| 005 | 20131129130345.0 | ||
| 008 | 130130s1974||||||||||||||||||||||||||||d | ||
| 020 | _a0195017897 | ||
| 040 |
_aCDMR _bcat _cCDMR |
||
| 245 | 0 | 0 |
_aNonverbal communication _b: readings with commentary _cedited by Shirley Weitz |
| 260 |
_aNew YorK _c1974 _bOxford University Press |
||
| 300 | _a351 p. | ||
| 650 |
_94410 _aComunicació no verbal |
||
| 700 | 1 |
_92173 _aWeitz, Shirley _eed. |
|
| 942 |
_cMON _2udc |
||
| 999 |
_c2953 _d2953 |
||